000 00680nam a22001937a 4500
005 20141211112330.0
010 _aENG-111384
020 _a9789351431060
_c495.00
035 _aEN-94916
037 _bDBAD/PUB
082 _a340.59
100 _aEdappagath, Kauser
245 _aDivorce and gender equity in Muslim personal law of India /
_cby Kauser Edappagath ; foreworded by S.A. Kader
260 _aGurgaon
_bLexis Nexis
_c2014
270 _a14th Floor, Building No.10, Tower-B, DLF Cyber City, Phase-II
_bGurgaon
_e122002
300 _axxx, 283p.
_c24cm(pbk)
500 _aIncludes bibliographical references and index
942 _2ddc
_cEN
_mEDA
_h340.59
999 _c90306
_d90306